[Event "Alfoeld Cup op"]
[Site "Hajduszoboszlo"]
[Date "1999.??.??"]
[Round "4"]
[White "Firnigel, Janos"]
[Black "Solymosi, Istvan"]
[Result "0-1"]
[WhiteElo "2115"]
[BlackElo "2195"]

1.e4 c5 2.Nf3 e6 3.d4 cxd4 4.Nxd4 a6 5.Nc3 Qc7 6.Be3 b5 7.a3 Bb7 8.Bd3 Nf6
9.O-O Be7 10.f4 d6 11.Nde2 Nbd7 12.Ng3 h5 13.Be2 h4 14.Nh5 Nxe4 15.f5 Nxc3
16.bxc3 e5 17.Nxg7+ Kf8 18.Ne6+ fxe6 19.fxe6+ Nf6 20.Bg5 Rg8 21.Qd2 Ke8 22.Rxf6 Bxf6
23.Bh5+ Ke7 24.Bxf6+ Kxe6 25.Bg5 Qc5+ 26.Kh1 Kd7 27.h3 Raf8 28.Bg4+ Kc7 29.Be3 Qc4
30.Kh2 Rxg4 31.hxg4 Qxg4 32.Rd1 Rf6 33.c4 Rg6 34.Qa5+ Kc8 35.Rd2 Qg3+  0-1

[Event "Basarrate mem-B"]
[Site "Havana"]
[Date "1999.??.??"]
[Round "?"]
[White "Pulido, Ariel"]
[Black "Becquer, Alain"]
[Result "0-1"]
[WhiteElo "2205"]
[BlackElo "2177"]

1.e4 c5 2.Nf3 e6 3.d4 cxd4 4.Nxd4 a6 5.Nc3 Nf6 6.Bd3 Qc7 7.Be3 Be7 8.O-O b5
9.a3 Bb7 10.f4 d6 11.g4 d5 12.e5 Nfd7 13.Qd2 Nc6 14.Nce2 Nc5 15.b4 Ne4 16.Bxe4 dxe4
17.Nb3 Nb8 18.Na5 O-O 19.Rac1 Rd8 20.Qe1 Bd5 21.Bd4 Nd7 22.Qf2 Rdb8 23.h3 Nb6
24.f5 Bg5 25.f6 e3 26.Qg3 gxf6 27.h4 Bh6 28.Rxf6 Bg7 29.Qxe3 Nd7 30.Nf4 Bxf6
31.exf6 Kh8 32.c4 bxc4 33.g5 e5 34.g6 exd4 35.Nxd5 fxg6 36.Qxd4 Qg3+  0-1

[Event "Havana Provincial"]
[Site "Havana"]
[Date "1999.??.??"]
[Round "?"]
[White "Gonzalez, Yuri"]
[Black "Garcia, Osmel"]
[Result "0-1"]
[WhiteElo "2385"]
[BlackElo "2350"]

1.e4 c5 2.Nf3 e6 3.d4 cxd4 4.Nxd4 a6 5.Nc3 Qc7 6.g3 b5 7.Bg2 Bb7 8.O-O d6
9.a3 Be7 10.f4 Nd7 11.Qe2 Ngf6 12.g4 Nb6 13.g5 Nfd7 14.Qf2 Nc5 15.f5 e5 16.f6 gxf6
17.Nf5 Bf8 18.Ng3 Ncd7 19.Bh3 h6 20.gxf6 Rg8 21.Qf3 O-O-O 22.Qh5 Rg6 23.Bf5 Qc5+
24.Rf2 Rxf6 25.a4 b4 26.Nd1 d5 27.exd5 Nxd5 28.Ne4 Qc6 29.Kf1 Rxf5 30.Qxf5 Ne7
31.Qxf7 Qxe4 32.Ne3 Nd5 33.Qf3  0-1

[Event "Hessen-ch int"]
[Site "Hessen"]
[Date "1999.??.??"]
[Round "1"]
[White "Busic, Nedjeljko"]
[Black "Glek, Igor V"]
[Result "0-1"]
[WhiteElo "1930"]
[BlackElo "2535"]

1.e4 c5 2.Nf3 e6 3.d4 cxd4 4.Nxd4 a6 5.Nc3 b5 6.Be2 Bb7 7.Qd3 Qc7 8.O-O b4
9.Na4 Ne7 10.Bf3 Nbc6 11.Nxc6 Bxc6 12.e5 Qxe5 13.Bxc6 dxc6 14.Nb6 Rd8 15.Qc4 Qb5
16.Be3 Rb8 17.a4 bxa3 18.Qb3 axb2 19.Ra2 Qxb3 20.cxb3 Nd5 21.Nc4 b1=Q 22.Rxb1 Nc3
23.Rab2 Nxb1 24.Rxb1 Rb5 25.Kf1 Be7 26.Ra1 O-O 27.Rxa6 Rxb3 28.Rxc6 Rc3 29.Ke2 Rd8  0-1

[Event "HUN-chT9899"]
[Site "HUN"]
[Date "1999.??.??"]
[Round "?"]
[White "Balogh, Csaba"]
[Black "Lehoczki, Viktor"]
[Result "1-0"]
[WhiteElo "2155"]
[BlackElo "2180"]

1.e4 c5 2.Nf3 e6 3.d4 cxd4 4.Nxd4 a6 5.Nc3 Qc7 6.Be2 b5 7.O-O Bb7 8.Re1 Nc6
9.Nxc6 dxc6 10.a4 Rd8 11.Bd3 e5 12.Qg4 Nf6 13.Qg3 h6 14.axb5 cxb5 15.Nd5 Qd6
16.Bd2 Bxd5 17.exd5 e4 18.Bxe4 Qxg3 19.hxg3 Bc5 20.Bf3+ Kd7 21.Rxa6 Ra8 22.Be2 Rxa6
23.Bxb5+ Kc7 24.Bxa6 Nxd5 25.Bc4 Kc6 26.Re5 Ne7 27.Be3 Bd6 28.Ra5 f6 29.Bb5+ Kd5
30.Bd7+ Kc4 31.Be6+  1-0

[Event "HUN-chT9899"]
[Site "HUN"]
[Date "1999.??.??"]
[Round "?"]
[White "Antal, Gergely"]
[Black "Lehoczki, Viktor"]
[Result "0-1"]
[WhiteElo "2195"]
[BlackElo "2180"]

1.e4 c5 2.Nf3 e6 3.d4 cxd4 4.Nxd4 a6 5.Nc3 Qc7 6.Be3 Nf6 7.Bd3 Bb4 8.O-O Bxc3
9.bxc3 d6 10.c4 Nbd7 11.Nb3 O-O 12.f3 b6 13.a4 a5 14.g4 Ne5 15.g5 Nfd7 16.Qe2 Ba6
17.c5 Bxd3 18.cxd3 Nxc5 19.Nxc5 bxc5 20.f4 Nc6 21.Ra2 Rab8 22.Qh5 Nd4 23.Rg2 Qe7
24.Rg3 g6 25.Qd1 Rb2 26.Bxd4 cxd4 27.Qc1 Qb7 28.e5 Rc8 29.Qe1 Rcc2 30.Qe4 Qxe4
31.dxe4 dxe5 32.fxe5 Re2 33.h3 Rxe4 34.Rgf3 Rxe5 35.Rxf7 Rxg5+ 36.Kh1 Rf5  0-1

[Event "Godal mem"]
[Site "HUN"]
[Date "1999.??.??"]
[Round "2"]
[White "Mede, Istvan"]
[Black "Csendes, Sandor"]
[Result "1/2-1/2"]
[WhiteElo "2150"]
[BlackElo "1875"]

1.e4 c5 2.Nf3 e6 3.d4 cxd4 4.Nxd4 a6 5.Nc3 Nc6 6.Be3 Be7 7.Be2 Bf6 8.O-O Nge7
9.Nb3 d5 10.exd5 exd5 11.Nd4 O-O 12.Bf3 Re8 13.Bg4 Ne5 14.Bxc8 Rxc8 15.Nce2 Nc4
16.Bc1 Nc6 17.c3 Qd7 18.h3 Nd6 19.Be3 Ne4 20.Rc1 b5 21.Nxc6 Qxc6 22.Bd4 Qe6
23.f3 Nc5 24.Nf4 Qf5 25.Bxf6 Qxf4 26.Bd4 Ne6 27.Bf2 Red8 28.Re1 Qf6 29.Qd2 h6
30.Bd4 Nxd4 31.Qxd4 Qxd4+ 32.cxd4 Rxc1 33.Rxc1 Rd6 34.Kf2  1/2-1/2

[Event "Kharkov"]
[Site "Kharkov"]
[Date "1999.??.??"]
[Round "13"]
[White "Arzumanian, Georgy"]
[Black "Cherevatenko, Roman"]
[Result "1/2-1/2"]
[WhiteElo "2363"]
[BlackElo "2410"]

1.e4 c5 2.Nf3 e6 3.d4 cxd4 4.Nxd4 a6 5.Nc3 Qc7 6.Be2 Nc6 7.O-O Nf6 8.Be3 Bb4
9.Na4 Be7 10.Nxc6 bxc6 11.Nb6 Rb8 12.Nxc8 Qxc8 13.e5 Nd5 14.Bc1 Bc5 15.c4 Ne7
16.b3 Qc7 17.Bb2 Ng6 18.Qd2 O-O  1/2-1/2

[Event "Klatovy op-A"]
[Site "Klatovy"]
[Date "1999.??.??"]
[Round "8"]
[White "Cisler, Petr"]
[Black "Marschall, Josef"]
[Result "1-0"]
[WhiteElo "2200"]
[BlackElo "2092"]

1.e4 c5 2.Nf3 e6 3.Nc3 a6 4.d4 cxd4 5.Nxd4 d6 6.Be2 Be7 7.O-O Nf6 8.Be3 Qc7
9.a4 b6 10.f4 Bb7 11.Bf3 Nbd7 12.Qe1 Nc5 13.Bd2 O-O 14.e5 Nfd7 15.Bxb7 Nxb7
16.Nf3 Rad8 17.Kh1 Na5 18.b3 Nc6 19.Qg3 dxe5 20.fxe5 f5 21.Bh6 Rf7 22.Bf4 Nb4
23.Nd4 Nf8 24.Rad1 Bc5 25.Nce2 Bxd4 26.Rxd4 Nd5 27.Bg5 Rdd7 28.c4 Ne7 29.Rfd1 Neg6
30.Rd6 Qc5 31.Be3 Qxe5 32.Qxe5 Nxe5 33.Bxb6 Rb7 34.c5 a5 35.Nd4 Ng4 36.Kg1 e5
37.Nc6 Rfd7 38.Nxa5 Rxd6 39.Rxd6 Rd7 40.Rxd7 Nxd7 41.Nc4 Kf7 42.c6  1-0

[Event "EU-ch02 blind "]
[Site "Krynica"]
[Date "1999.??.??"]
[Round "1"]
[White "Dobierzin, Olaf"]
[Black "Van Gelder, Jan"]
[Result "1-0"]
[WhiteElo "2170"]
[BlackElo "1850"]

1.e4 c5 2.Nf3 e6 3.d4 cxd4 4.Nxd4 a6 5.Nc3 Qc7 6.Be2 b5 7.a3 Nf6 8.O-O Be7
9.f4 d6 10.Bf3 Bb7 11.Qe1 Nbd7 12.Qg3 O-O 13.Kh1 Rfd8 14.Qh3 Nc5 15.Re1 d5
16.e5 Nfe4 17.Nd1 Rac8 18.Be3 Na4 19.Bg4 Nac5 20.b4 Nd7 21.Bxe6 fxe6 22.Qxe6+ Kh8
23.Qxe7 Re8 24.Qf7 Nf8 25.Qxc7 Rxc7 26.Kg1 Ne6 27.Re2 Nxd4 28.Bxd4 Rc4 29.c3 Rc7
30.Re3 Bc8 31.Ra2 h5 32.Nf2 Nxf2 33.Rxf2 Bf5 34.Rg3 Kh7 35.Rg5 g6 36.Rd2 Rd7
37.Kf2 Re6 38.Kg3 Rf7 39.h3 Rd7 40.Kh4 Rf7 41.Rg3 Be4 42.Rf2 Rc6 43.Re3 Rf5
44.g4 g5+ 45.Kg3 h4+ 46.Kh2 Rxf4 47.Rxf4 gxf4 48.Re1 Kg6 49.Kg1 Kg5 50.Kf2 Re6
51.Re2 Re8 52.a4 bxa4 53.Ra2 Bd3 54.Rxa4 Bb5 55.Ra1 Re6 56.Re1 Bc4 57.Bc5 Bd3
58.Bd6 Be4 59.c4 Re8 60.c5 Rc8 61.e6 Kf6 62.e7 Kf7 63.Ra1 Bd3 64.Ra3 Bc4
65.Rf3  1-0

[Event "EU-ch02 blind "]
[Site "Krynica"]
[Date "1999.??.??"]
[Round "5"]
[White "Eros, Pal"]
[Black "Strizhnev, Piotr"]
[Result "0-1"]
[WhiteElo "2105"]
[BlackElo "2260"]

1.e4 c5 2.Nf3 e6 3.d4 cxd4 4.Nxd4 a6 5.Nc3 Qc7 6.Be3 Nc6 7.Be2 Nf6 8.O-O Be7
9.Qe1 Ne5 10.Rd1 Neg4 11.Bxg4 Nxg4 12.f4 O-O 13.Kh1 b5 14.Bg1 b4 15.Nce2 Bb7
16.Ng3 Nf6 17.e5 Nd5 18.Ne4 f5 19.exf6 Nxf6 20.Ng5 h6 21.Ngf3 Nd5 22.g3 Bd6
23.Bf2 Rae8 24.Kg1 Nf6 25.Qe2 Ng4 26.Be1 e5 27.fxe5 Nxe5 28.Nxe5 Rxe5 29.Rxf8+ Bxf8
30.Qd3 Bc5 31.Qc4+ Bd5 32.Qd3 Be4 33.Qc4+ d5 34.Qxa6 Bxc2 35.Bf2 Bxd1  0-1

[Event "EU-ch02 blind "]
[Site "Krynica"]
[Date "1999.??.??"]
[Round "7"]
[White "Mynzatu, Gherasim"]
[Black "Van Gelder, Jan"]
[Result "1/2-1/2"]
[WhiteElo "1955"]
[BlackElo "1850"]

1.e4 c5 2.Ne2 e6 3.d4 cxd4 4.Nxd4 a6 5.Nc3 Qc7 6.g3 Nc6 7.Bg2 Nf6 8.O-O Be7
9.Re1 O-O 10.Nxc6 dxc6 11.e5 Nd5 12.Qg4 f5 13.exf6 Bxf6 14.Ne4 Bd4 15.c3 Nf6
16.Nxf6+ Bxf6 17.Qe4 Qf7 18.Be3 e5 19.Bc5 Re8 20.Rad1 Be6 21.b3 Bd5 22.Qf5 g6
23.Qc2 Rad8 24.c4 Be6 25.Rxd8 Rxd8 26.Rd1 Rxd1+ 27.Qxd1 Bf5  1/2-1/2

[Event "EU-ch02 blind "]
[Site "Krynica"]
[Date "1999.??.??"]
[Round "9"]
[White "Zsiltzova Lisenko, Lubov"]
[Black "Draganov, Ruslan"]
[Result "1-0"]
[WhiteElo "2235"]
[BlackElo "2205"]

1.e4 c5 2.Nf3 e6 3.d4 cxd4 4.Nxd4 a6 5.Nc3 b5 6.Bd3 Bc5 7.Nb3 Ba7 8.Qg4 Nf6
9.Qh4 d6 10.Bg5 Nbd7 11.f4 Bb7 12.O-O-O b4 13.Ne2 Qc7 14.e5 Be3+ 15.Kb1 dxe5
16.Bxf6 Nxf6 17.fxe5 Qxe5 18.Qxb4 Bxg2 19.Ned4 Bxh1 20.Rxh1 Bxd4 21.Nxd4 Qc7
22.Nf5 Rg8 23.Nd6+ Kd7 24.Nxf7 Rgb8 25.Qd4+ Ke7 26.Ne5 Rb6 27.Rg1 Kf8 28.Bxh7 Rd8
29.Qf4 Qc3 30.b3 Qd2 31.Ng6+ Ke8 32.Qc7 Nd5 33.Qxg7 Qb4 34.Ne5 Rb7 35.Bg6+  1-0

[Event "Mancha Real-A 2nd"]
[Site "Mancha Real"]
[Date "1999.??.??"]
[Round "3"]
[White "Castillo Gallego, Sergio"]
[Black "Malo Quiros, Miguel Angel"]
[Result "0-1"]
[WhiteElo "2110"]
[BlackElo "2215"]

1.e4 c5 2.Nf3 e6 3.d4 cxd4 4.Nxd4 a6 5.Nc3 Qc7 6.Be2 Nf6 7.O-O Bb4 8.Qd3 Nc6
9.Kh1 h5 10.Bg5 Ng4 11.f4 Bc5 12.Nxc6 Nf2+ 13.Rxf2 Bxf2 14.Ne7 f6 15.e5 f5
16.Nxf5 exf5 17.Qxf5 Qc6 18.Ne4 d5 19.Nf6+ Qxf6 20.Qxc8+ Rxc8 21.exf6 g6
22.Bd3 Kf7 23.c3 Rce8 24.g3 Bc5 25.b4 Bb6 26.c4 Bd4 27.Rf1 Re3 28.Bc2 Rc3
29.Ba4 dxc4 30.f5 gxf5 31.Rxf5 b5 32.Bd1 Kg6 33.Rd5 Bxf6 34.Bd2 Ra3 35.Bc2+ Kf7
36.Bf5 Rd8 37.Bd7 Rxa2 38.Be3 c3 39.Rd6 Ra1+ 40.Kg2 c2 41.Be6+ Ke7 42.Rc6 c1=Q
43.Bxc1 Rxc1 44.Rxc1 Kxe6  0-1

[Event "Mendrisio op"]
[Site "Mendrisio"]
[Date "1999.??.??"]
[Round "3"]
[White "Astengo, Corrado"]
[Black "Gheorghiu, Florin"]
[Result "0-1"]
[WhiteElo "2191"]
[BlackElo "2450"]

1.e4 c5 2.Nf3 e6 3.d4 cxd4 4.Nxd4 a6 5.Nc3 b5 6.Bd3 Qb6 7.Nb3 Qc7 8.Be3 Nf6
9.a3 Bb7 10.Qe2 d6 11.O-O Nbd7 12.f4 Be7 13.Rae1 Rc8 14.Bd4 e5 15.fxe5 Nxe5
16.Bxe5 dxe5 17.Nd5 Nxd5 18.exd5 O-O 19.Qxe5 Bd6 20.Qf5 g6 21.Qg5 Bxh2+ 22.Kh1 Rce8
23.Nd4 Be5 24.Nc6 Bxc6 25.dxc6 Bxb2 26.Qc5 Qg3 27.Rxe8 Qh4+  0-1

[Event "Miskolc Avas op"]
[Site "Miskolc"]
[Date "1999.??.??"]
[Round "2"]
[White "Kanya, Gusztav"]
[Black "Kakuk, Sandor"]
[Result "0-1"]
[WhiteElo "2000"]
[BlackElo "2215"]

1.e4 c5 2.Nf3 e6 3.d4 cxd4 4.Nxd4 a6 5.Nc3 Qc7 6.a3 Nf6 7.Bd3 h5 8.h4 Bc5
9.Nf3 Ng4 10.Rf1 Nc6 11.Ng5 b5 12.Ne2 Bb7 13.c3 Qb6 14.Nh3 Nce5 15.b4 Be7
16.g3 Nf3+  0-1

[Event "Miskolc Avas op"]
[Site "Miskolc"]
[Date "1999.??.??"]
[Round "4"]
[White "Kerek, Krisztian"]
[Black "Boros, Daniel"]
[Result "1/2-1/2"]
[WhiteElo "2345"]
[BlackElo "2300"]

1.e4 c5 2.Nf3 e6 3.Nc3 a6 4.d4 cxd4 5.Nxd4 Qc7 6.Bd3 Nc6 7.Be3 b5 8.Nxc6 dxc6
9.f4 Nf6 10.e5 Nd5 11.Nxd5 cxd5 12.Bd4 Bc5 13.c3 O-O 14.O-O Qa7 15.Be2 Bd7
16.Qd2 b4 17.Bxc5 Qxc5+  1/2-1/2

[Event "Miskolc Avas op"]
[Site "Miskolc"]
[Date "1999.??.??"]
[Round "4"]
[White "Boer, Jozsef"]
[Black "Balogh, Emese"]
[Result "1-0"]
[WhiteElo "2125"]
[BlackElo "2000"]

1.e4 c5 2.Nf3 e6 3.Nc3 a6 4.d4 cxd4 5.Nxd4 Nc6 6.Be3 Nf6 7.Bd3 Be7 8.f4 d6
9.O-O O-O 10.g4 e5 11.Nxc6 bxc6 12.f5 Ne8 13.Qf3 Bg5 14.Rad1 Bxe3+ 15.Qxe3 Bb7
16.Bc4 Qc7 17.g5 g6 18.fxg6 hxg6 19.Rd2 Rd8 20.Bb3 Ng7 21.Rf6 Kh7 22.Qd3 Qe7
23.Qf3 Nh5 24.Rxf7+ Rxf7 25.Qxf7+ Qxf7 26.Bxf7 Bc8 27.Bb3 Nf4 28.h4 Bb7 29.Ne2 d5
30.Nxf4 exf4 31.exd5 cxd5 32.Rd4  1-0

[Event "Fan Adams Int"]
[Site "New York "]
[Date "1999.??.??"]
[Round "2"]
[White "Shahade, Gregory"]
[Black "Waitzkin, Joshua"]
[Result "1/2-1/2"]
[WhiteElo "2385"]
[BlackElo "2465"]

1.e4 c5 2.Nf3 e6 3.d4 cxd4 4.Nxd4 a6 5.Nc3 b5 6.Bd3 Qb6 7.Be3 Bc5 8.Be2 Nc6
9.Nxc6 Bxe3 10.fxe3 dxc6 11.Qd4 Qxd4 12.exd4 e5 13.dxe5 Ne7 14.Bh5 Ng6 15.Bxg6 hxg6
16.O-O-O Rh5 17.Rd6 Rxe5 18.Rhd1 Bg4 19.R1d2 b4 20.Na4 Rxe4 21.b3 Rc8 22.R6d4 Re1+
23.Kb2 Bf5 24.Rxb4 Rd8 25.Rxd8+ Kxd8 26.Rd4+ Ke7 27.Rd2 g5 28.Nc5 Bc8 29.b4 f5
30.Nb3 Rh1 31.Nd4 Rxh2 32.Nxc6+ Kf7 33.Rd8 Be6 34.Ra8 Bd5 35.Ra7+ Ke8 36.Nd4 f4
37.Rxa6 Bxg2 38.Rg6 f3 39.Nxf3 Bxf3 40.Rxg5 Rg2 41.Rxg2 Bxg2 42.Kc3 Be4 43.Kd2 Bd5
44.a4 g5 45.Ke3 Ke7 46.b5 Ke6 47.Kf2 Kd6  1/2-1/2

[Event "GER-ch U14"]
[Site "Oberhof"]
[Date "1999.??.??"]
[Round "?"]
[White "Werner, Daniel"]
[Black "Wegerle, Joerg"]
[Result "0-1"]
[WhiteElo "1760"]
[BlackElo "2135"]

1.e4 c5 2.Nf3 e6 3.d4 cxd4 4.Nxd4 a6 5.Nc3 Qc7 6.Be2 b5 7.Be3 Nc6 8.Nxc6 Qxc6
9.f4 Bb7 10.Bf3 Rc8 11.O-O Ne7 12.Qd4 Qc7 13.Rad1 Nc6 14.Qb6 Bb4 15.Qxc7 Rxc7
16.Bb6 Rc8 17.Rd3 Bxc3 18.Rxc3 Ne7 19.Rxc8+ Nxc8 20.Ba5 Nd6 21.Re1 f5 22.Bc3 Bxe4
23.Bh5+ Nf7 24.Kf2 O-O 25.Bb4 Rc8 26.c3 Nd8 27.Be2 Nc6 28.Bd6 Na5 29.Bb4 Nb7
30.a4 a5 31.Ba3 bxa4 32.Ba6 Bc6 33.Re5 Ra8 34.Bxb7 Bxb7 35.Rc5 Bc6 36.g3 Kf7
37.Ke3 Kf6 38.Kd4 h6 39.Ke3 g5 40.Rc4 Rg8 41.Rc5 gxf4+ 42.Kxf4 Rg4+ 43.Ke3 Re4+
44.Kf2 Kg5 45.Rxa5 Kg4 46.h4 f4 47.Bd6 fxg3+ 48.Bxg3 Bd5 49.Ra7 Bc4 50.Rxa4 d5
51.Kg2 Re2+ 52.Bf2 Rxb2 53.Ra8 Bd3 54.Rg8+ Kf4 55.Rh8 Be4+ 56.Kf1 Kf3 57.Be1 Bd3+
58.Kg1 Rg2+ 59.Kh1 Re2 60.Rf8+ Bf5  0-1

[Event "GER-ch U16"]
[Site "Oberhof"]
[Date "1999.??.??"]
[Round "?"]
[White "Eissing, Christoph"]
[Black "Schargorodskij, Maxim"]
[Result "0-1"]
[WhiteElo "1900"]
[BlackElo "2170"]

1.e4 c5 2.Nf3 e6 3.d4 cxd4 4.Nxd4 a6 5.Nc3 b5 6.Bd3 Bb7 7.O-O Qc7 8.Kh1 Nf6
9.a3 d5 10.exd5 Nxd5 11.Nxd5 Bxd5 12.f4 Nd7 13.Bd2 Be7 14.Bc3 O-O 15.Qh5 Nf6
16.Qh3 h6 17.Rae1 Nd7 18.Nf3 Bf6 19.Ne5 Nxe5 20.fxe5 Bg5 21.Qg3 Qd8 22.Rd1 Qb6
23.Bd4 Qc6 24.Rf2 Be4 25.h4 Bxd3 26.Rxd3 Bd8 27.Be3 Kh7 28.Rd6 Qe4 29.Rd4 Qc6
30.Rdf4 Qc7 31.b4 g5 32.hxg5 Bxg5 33.Rg4 f6 34.Bxg5 fxg5 35.Qd3+ Kg7 36.Rxf8 Rxf8
37.Rd4 Rf7 38.Rd6 Qc8 39.Rd8 Qc4  0-1

[Event "GER-ch U18"]
[Site "Oberhof"]
[Date "1999.??.??"]
[Round "7"]
[White "Haucke, Alexander"]
[Black "Zwanzger, Johannes"]
[Result "0-1"]
[WhiteElo "2199"]
[BlackElo "2266"]

1.e4 c5 2.Nf3 e6 3.d4 cxd4 4.Nxd4 a6 5.Nc3 b5 6.Bd3 Qb6 7.Nb3 Qc7 8.Qe2 d6
9.Bd2 Nd7 10.f4 Bb7 11.a4 b4 12.Na2 a5 13.c3 Nc5 14.Bb5+ Bc6 15.Nd4 Bxb5
16.Nxb5 Qb7 17.cxb4 axb4 18.Nxb4 Nf6 19.e5 Nfe4 20.O-O dxe5 21.fxe5 Be7 22.Nd6+ Bxd6
23.exd6 O-O 24.Ra3 Rxa4 25.Rxa4 Nxa4 26.Rf4 Nxd6 27.Qe5 Nf5 28.Nd3 Qa7+ 29.Kh1 Nb6
30.Bc3 Nd5 31.Rf1 Nde3 32.Re1 Rd8 33.Nf4 Ng4 34.Qe2 Nf2+ 35.Kg1  0-1

[Event "Rakovnik op"]
[Site "Rakovnik"]
[Date "1999.??.??"]
[Round "?"]
[White "Sochor, Frantisek"]
[Black "Koutecky, Vaclav"]
[Result "0-1"]
[WhiteElo "1810"]
[BlackElo "1960"]

1.e4 c5 2.Nf3 e6 3.d4 cxd4 4.Nxd4 a6 5.Nc3 Qc7 6.Bd3 Nc6 7.Nf3 Nf6 8.a3 Be7
9.O-O O-O 10.Qe2 d6 11.Bf4 Nd7 12.Rad1 Nde5 13.Kh1 b5 14.Nxe5 dxe5 15.Be3 Bb7
16.Qg4 Rfd8 17.f4 b4 18.axb4 Nxb4 19.f5 exf5 20.exf5 f6 21.Bc4+ Kh8 22.Rxd8+ Rxd8
23.Rf3 Bxf3 24.gxf3 Nxc2 25.Bh6 gxh6 26.Nd5 Qb7 27.Qh5 Rf8 28.Qxh6 Nd4 29.Qh5 Bd8
30.Ne3 Qxf3+  0-1

[Event "Recklinghausen op"]
[Site "Recklinghausen"]
[Date "1999.??.??"]
[Round "2"]
[White "Barthel, Ansgar"]
[Black "Eingorn, Vereslav S"]
[Result "0-1"]
[WhiteElo "2215"]
[BlackElo "2585"]

1.e4 c5 2.Nf3 e6 3.d4 cxd4 4.Nxd4 a6 5.Nc3 Qc7 6.g3 Bb4 7.Ne2 Nf6 8.Bg2 Be7
9.O-O Nc6 10.Nf4 d6 11.Nd3 Nd7 12.f4 Bf6 13.Ne2 h5 14.h3 b5 15.Be3 Bb7 16.c3 Rb8
17.Qe1 g6 18.f5 gxf5 19.exf5 e5 20.Nf2 Na5 21.Ne4 Nc4 22.Nxf6+ Nxf6 23.Qc1 Bxg2
24.Kxg2 Qb7+ 25.Rf3 Ng4 26.Bg1 Qe4 27.Qe1 Nxb2 28.Nf4 Qxe1 29.Rxe1 Nf6 30.Nd3 Nc4
31.Nb4 Ra8 32.Rd3 Kd7 33.Red1 a5 34.Nd5 Nxd5 35.Rxd5 Kc6 36.Kf3 f6 37.Ke4 Rhg8
38.Bf2 Rg5 39.Rb1 Rag8 40.Be1 Rxg3 41.Bxg3 Rxg3 42.Re1 Rxh3  0-1

[Event "Recklinghausen op"]
[Site "Recklinghausen"]
[Date "1999.??.??"]
[Round "6"]
[White "Iuldachev, Saidali"]
[Black "Torres Kuckel, Rafael"]
[Result "0-1"]
[WhiteElo "2490"]
[BlackElo "2235"]

1.e4 c5 2.Nc3 e6 3.Nf3 a6 4.d4 cxd4 5.Nxd4 Qc7 6.g3 Nf6 7.Bg2 Nc6 8.O-O Be7
9.Re1 d6 10.Nxc6 bxc6 11.e5 dxe5 12.Rxe5 O-O 13.Re1 Bb7 14.Bf4 Qa5 15.Qe2 Nd5
16.Bd2 Nxc3 17.Bxc3 Bb4 18.Bxb4 Qxb4 19.Qe4 Qe7 20.Re3 Rad8 21.Rc3 Rd6 22.h4 Rfd8
23.Re1 h6 24.Bf3 Rd4 25.Qe5 c5 26.Ree3 Bxf3 27.Rxf3 Rd1+ 28.Kh2 Qb7 29.b3 Ra1
30.g4 Rdd1 31.Rcd3 Rxd3 32.Rxd3 Qh1+ 33.Kg3 Rg1+ 34.Kf4 Qxh4 35.Rg3 g5+ 36.Ke4 Qh1+
37.Kd3 Rxg3+ 38.fxg3 Qd1+ 39.Kc3 Qa1+  0-1

[Event "CXG Interno 4th"]
[Site "Rio de Janeiro"]
[Date "1999.??.??"]
[Round "5"]
[White "Castro, A Ricardino"]
[Black "Guedes, Sebastiao H"]
[Result "0-1"]
[WhiteElo "1670"]
[BlackElo "1605"]

1.e4 c5 2.Nf3 e6 3.d4 cxd4 4.Nxd4 a6 5.Nc3 Nc6 6.Bc4 Qc7 7.Bb3 Nf6 8.O-O Bb4
9.Nxc6 bxc6 10.Bd2 O-O 11.Kh1 d5 12.exd5 cxd5 13.Ne2 Bxd2 14.Qxd2 a5 15.c3 Ba6
16.Bc2 Ng4 17.g3 Rfc8 18.f3 Ne5 19.Rab1 Nc4 20.Qd3 g6 21.Rfe1 Nxb2 22.Qd4 Nc4
23.Qf6 Qe5 24.Qxe5 Nxe5 25.Nd4 Nc4 26.Ba4 Na3 27.Rb3 Nc4 28.Nc6 Nd2 29.Rb6 Kg7
30.Kg2 Nc4 31.Rb3 Rc7 32.Re2 Nb6 33.Rxb6 Bxe2 34.Kf2 Bc4 35.a3 Ra6 36.Rxa6 Bxa6
37.Ke1 Bb7 38.Nxa5 Ba8 39.Bd1 Ra7 40.Nb3 Rxa3 41.Kd2 Bc6 42.Nd4 Ba4 43.Bxa4 Rxa4  0-1

[Event "Eliskases mem"]
[Site "Rio de Janeiro"]
[Date "1999.??.??"]
[Round "5"]
[White "Chagas, Fernando"]
[Black "Carvalho, Renato Luiz"]
[Result "1/2-1/2"]
[WhiteElo "2185"]
[BlackElo "2040"]

1.e4 c5 2.Nf3 e6 3.d4 cxd4 4.Nxd4 a6 5.Nc3 Nf6 6.Bg5 Be7 7.Bc4 b5 8.Bb3 Bb7
9.O-O Nc6 10.Nxc6 Bxc6 11.Bxf6 Bxf6 12.Qd6 Qe7 13.Qxe7+ Kxe7 14.f3 Bxc3 15.bxc3 Rac8
16.c4 b4 17.a4 Rb8 18.a5 Rhd8 19.Rad1 f6 20.Rfe1 Kf7 21.Kf2 Rbc8 22.Rd6 Ke7
23.Red1 Bb7 24.Ba4 Rc7 25.c5 Bc6 26.Bxc6 Rxc6 27.Rxc6 dxc6 28.Rxd8 Kxd8 29.f4 Kd7
30.Ke2 g6 31.Kd3 h5 32.Kc4 g5 33.g3 gxf4 34.gxf4 e5 35.f5 Ke7 36.Kxb4 Kf7
37.h4 Kg7 38.c4 Kh6 39.Kc3  1/2-1/2

[Event "Rowy op"]
[Site "Rowy"]
[Date "1999.??.??"]
[Round "6"]
[White "Jaracz, Pawel"]
[Black "Kveinys, Aloyzas"]
[Result "0-1"]
[WhiteElo "2439"]
[BlackElo "2502"]

1.e4 c5 2.Nf3 e6 3.Nc3 a6 4.d4 cxd4 5.Nxd4 b5 6.Bd3 Qb6 7.Nb3 Qc7 8.Qe2 Bb7
9.O-O Nf6 10.Bg5 b4 11.Nd1 Bd6 12.Kh1 Bf4 13.Bxf4 Qxf4 14.f3 a5 15.Ne3 O-O
16.Nc4 a4 17.Nc5 Bc6 18.e5 Nd5 19.Rad1 a3 20.bxa3 Nc3 21.Qd2 Qxd2 22.Rxd2 bxa3
23.Re1 Na6 24.Ne4 Nxe4 25.Bxe4 Bxe4 26.Rxe4 Rfb8 27.h4 Nc5 28.Re3 Rb4 29.Rd4 Raa4
30.Rc3 f6 31.f4 f5 32.h5 h6 33.Kh2 Kf8 34.g4 Ne4 35.Rb3 Rxc4 36.Rxd7 Rcb4
37.gxf5 exf5 38.Rbd3 Nc5 39.Rd8+ Ke7 40.R3d5 Ra7  0-1

[Event "Santiago op"]
[Site "Santiago"]
[Date "1999.??.??"]
[Round "9"]
[White "Carmona, Jose Luis"]
[Black "Godoy Bugueno, David A"]
[Result "0-1"]
[WhiteElo "2188"]
[BlackElo "2355"]

1.e4 c5 2.Nc3 e6 3.Nf3 a6 4.d4 cxd4 5.Nxd4 d6 6.g3 Nf6 7.Bg2 Qc7 8.O-O Be7
9.Qd2 Nc6 10.b3 O-O 11.Bb2 Nxd4 12.Qxd4 b5 13.Rac1 Bb7 14.h3 Rfd8 15.Rfe1 Rac8
16.g4 Ne8 17.Ne2 Bf6  0-1

[Event "Paulisto-ch"]
[Site "Sao Caetano"]
[Date "1999.??.??"]
[Round "4"]
[White "Rocha, Wellington Carlos"]
[Black "Vescovi, Giovanni"]
[Result "0-1"]
[WhiteElo "2324"]
[BlackElo "2522"]

1.e4 c5 2.Nf3 e6 3.d4 cxd4 4.Nxd4 a6 5.Nc3 b5 6.Bd3 Qb6 7.Nb3 d6 8.Be3 Qc7
9.O-O Nf6 10.f4 Nbd7 11.a4 b4 12.Ne2 Bb7 13.Ng3 h5 14.h3 h4 15.Ne2 Nxe4 16.a5 Ndf6
17.c3 bxc3 18.Rc1 Qd7 19.Nxc3 Nxc3 20.bxc3 Be7 21.c4 O-O 22.Bd4 Rad8 23.Qe2 Rfe8
24.Bb6 Rc8 25.Rfd1 Qa4 26.Nd4 Bd8 27.Rb1 Bxb6 28.Rxb6 Rc7 29.Qe1 d5 30.Ra1 Qd7
31.c5 Rxc5 32.Qxh4 Qc7 33.Kh2 Bc8 34.Qf2 Ne4  0-1

[Event "Paulisto-ch"]
[Site "Sao Caetano"]
[Date "1999.??.??"]
[Round "6"]
[White "Van Riemsdijk, Herman C"]
[Black "D'Israel, Davy"]
[Result "1-0"]
[WhiteElo "2418"]
[BlackElo "2250"]

1.e4 c5 2.Nf3 e6 3.d4 cxd4 4.Nxd4 a6 5.Nc3 Qc7 6.g3 Nf6 7.Bg2 Nc6 8.O-O Nxd4
9.Qxd4 Bc5 10.Bf4 d6 11.Qd2 h6 12.Rad1 e5 13.Be3 Ke7 14.f4 Be6 15.fxe5 dxe5
16.Nd5+ Bxd5 17.exd5 Kd6 18.Kh1 Bxe3 19.Qxe3 Qc5 20.Qxc5+ Kxc5 21.d6 Rhd8
22.Rf5 Kb6 23.Rxe5 Rac8 24.Re7 Rd7 25.Bh3 Rxe7 26.Bxc8 Re8 27.d7 Rd8 28.Rd3  1-0

[Event "Itau Mercosul Cup 3rd"]
[Site "Sao Paulo"]
[Date "1999.??.??"]
[Round "8"]
[White "Pereira, Silvio C"]
[Black "Nagashima, Carlos"]
[Result "1-0"]
[WhiteElo "2287"]
[BlackElo "2041"]

1.e4 c5 2.Nf3 e6 3.d4 cxd4 4.Nxd4 a6 5.Nc3 Qc7 6.Bd3 Nf6 7.Be3 Nc6 8.h3 Ne5
9.Qe2 Bb4 10.O-O Bxc3 11.bxc3 Qxc3 12.f4 Nxd3 13.cxd3 d6 14.Rac1 Qa5 15.e5 dxe5
16.Nb3 Qd8 17.fxe5 Nd7 18.Qg4 Rg8 19.Qh5 Qe7 20.Rc7 h6 21.Bc5 g6 22.Qf3  1-0

[Event "Sevilla op"]
[Site "Sevilla"]
[Date "1999.??.??"]
[Round "2"]
[White "Barrera, F."]
[Black "Spraggett, Kevin"]
[Result "0-1"]
[WhiteElo "2160"]
[BlackElo "2560"]

1.e4 c5 2.Nc3 e6 3.Nge2 a6 4.d4 cxd4 5.Nxd4 Qc7 6.g3 Bb4 7.Ne2 Nf6 8.Bg2 Be7
9.O-O O-O 10.a4 Nc6 11.h3 d6 12.Kh2 b6 13.Be3 Bb7 14.Qd2 Ne5 15.Rad1 Nc4
16.Qc1 Rfd8 17.Bf4 Rac8 18.g4 Qb8 19.Bg3 b5 20.axb5 axb5 21.b3 b4 22.bxc4 bxc3
23.e5 dxe5 24.Bxb7 Qxb7 25.Bxe5 Ne4 26.Nxc3 Ng5 27.Rxd8+ Rxd8 28.f4 Nf3+
29.Kg3 Bh4+  0-1

[Event "Sevilla op"]
[Site "Sevilla"]
[Date "1999.??.??"]
[Round "3"]
[White "Flores Escuin, Sadurni"]
[Black "Strikovic, Aleksa"]
[Result "0-1"]
[WhiteElo "2160"]
[BlackElo "2550"]

1.e4 c5 2.Nf3 e6 3.d4 cxd4 4.Nxd4 a6 5.Nc3 b5 6.a3 Bb7 7.Bd3 Qc7 8.Be3 Nf6
9.O-O Nc6 10.h3 Ne5 11.Nf3 Nc4 12.Bxc4 Qxc4 13.Nd2 Qc7 14.f4 Rc8 15.e5 Nd5
16.Nxd5 Bxd5 17.c3 Be7 18.Qg4 O-O 19.Rf2 f5 20.Qg3 a5 21.Nf3 Rb8 22.h4 Rfc8
23.h5 Qd8 24.h6 Qf8 25.Qxg7+ Qxg7 26.hxg7 Kxg7 27.Rd2 Bxf3 28.Rxd7 Rb7 29.Rxe7+ Rxe7
30.gxf3 Rd7 31.Bd4 Kf7 32.Rd1 Rg8+ 33.Kf2 Ke8 34.b4 a4 35.Rh1 Kd8 36.Ke3 Kc7
37.Bc5 Rg2 38.Bd6+ Kc6  0-1